[Event "San Jose de David"]
[Site "San Jose de David"]
[Date "2020.02.15"]
[Round "9"]
[White "Morantes Rodriguez, Jose Nicolas"]
[Black "Aguila Batista, Jose"]
[Result "0-1"]
[WhiteElo "1415"]
[BlackElo "1842"]
[PlyCount "48"]
[EventDate "2020.02.11"]
[EventType "tourn"]
[EventRounds "9"]
[EventCountry "PAN"]
[SourceTitle "CBM 195 Extra"]
[Source "ChessBase"]
[SourceDate "2020.05.31"]
[SourceVersion "1"]
[SourceVersionDate "2020.05.31"]
[SourceQuality "1"]

1. e4 c5 2. Nf3 Nc6 3. d4 cxd4 4. Nxd4 Nf6 5. Nc3 e5 6. Nb3 Bb4 7. Bg5 a5 8. a4 h6 9. Bxf6 Qxf6 10. Bc4 Qg6 11. 0-0 Bxc3 12. bxc3 Qxe4 13. Bxf7+ Kxf7 14. Re1 Qg6 15. Qd5+ Qe6 16. Qf3+ Qf6 17. Qd5+ Kg6 18. Qd3+ Qf5 19. Qd6+ Kh7 20. h4 Rf8 21. Re2 Rf6 22. Qd5 d6 23. Rf1 Be6 24. Qxd6 Bxb3 0-1